| 000 | 00000nam##2200000za#4500 |
| 001 | 9.662378 |
| 003 | CaOODSP |
| 005 | 20210615120523 |
| 007 | ta |
| 008 | 150407|2000||||xxc||||| f|0| 0 fre|d |
| 020 | |a0-662-65388-2 |
| 040 | |aCaOODSP|bfre |
| 041 | |aeng |
| 041 | |afre |
| 043 | |an-cn--- |
| 086 | 1 |aCi51-58/2000 |
| 110 | 1 |aCanada. |bCitoyenneté et immigration Canada. |
| 245 | 10|aComment devenir citoyen canadien |
| 260 | |aOttawa - Ontario : |bCitoyenneté et Immigration Canada |c2000. |
| 300 | |aTexte français, 14p. ; |c22 cm. |
| 546 | |aBilingue |
| 563 | |aCouverture souple |
| 590 | |a02-06|b2002-02-08 |
| 691 | 07|aCitoyenneté|2gcpds |
| 691 | 07|aImmigrant|2gcpds |
| 791 | |tHow to become a Canadian citizen |eeng|w(CaOODSP)9.662377 |